Délmagyarország. - 1980. augusztus 6., Szerda

Elmentve itt :
Bibliográfiai részletek
Dokumentumtípus: Újság
Megjelent: 1980-08-06
Sorozat:Délmagyarország 70 No. 183
Online Access:http://dmarchiv.bibl.u-szeged.hu/21184
LEADER 00489nas a2200145 i 4500
001 delm21184
005 20200415080138.0
008 171218s1980 hu n o 0|| hun d
022 |a 0133-025X 
040 |a SZTE Délmagyarország Archívum  |b hun 
041 |a hun 
245 0 0 |a Délmagyarország. - 1980. augusztus 6., Szerda  |h [elektronikus dokumentum] 
260 |c 1980-08-06 
490 0 |a Délmagyarország  |v 70 No. 183 
856 4 0 |u http://dmarchiv.bibl.u-szeged.hu/21184/1/dm_1980_183.pdf  |z Dokumentum-elérés